Największe państwa pod względem powierzchni na każdą literę - Statystyki

Ogólne statystyki
  • Ten quiz został rozwiązany 464 razy
  • Średni wynik to 18 z 24
Statystyki odpowiedzi
Litera Największe Państwo % Poprawnych
R Rosja
95%
C Chiny
92%
B Brazylia
90%
Ł Łotwa
89%
A Australia
88%
S Stany Zjednoczone
88%
F Francja
86%
K Kanada
86%
O Oman
85%
I Indie
84%
H Hiszpania
74%
M Meksyk
72%
J Jemen
70%
U Ukraina
68%
N Niger
67%
P Peru
67%
Z Zimbabwe
67%
D Demokratyczna Republika Konga
66%
E Etiopia
66%
V Vanuatu
66%
W Wenezuela
64%
L Libia
63%
T Tanzania
50%
G Gabon
46%
Nie znaleziono quizów pasujących do podanych kryteriów
Rozkład punktacji
Procent ludzi z każdym wynikiem
Percentyl według liczby udzielonych odpowiedzi
Twoja historia wyników
Nie rozwiązałeś tego quizu